00669nam a2200205Ia 4500003000400000008004100004020002600045040000800071100002400079245005800103260003700161300001300198365001100211901002100222902004300243903005800286942001200344952009000356999001700446LDD181029s9999 xx 000 0 und d a9788175332270c795.00 cLDD aSingh, Nilesh Kumar 0aReligion, media and public spherecNilesh Kumar Singh aNew DelhibMD Publicationsc2009 av, 297p. b795.00 a5442b11-12-2009 aSBS/557/D/09b30-12-2009cFdSBSeCBCI aDiscount-15bReqst by : Gracious Thomas  2ddccBK 00102ddc4070988528aLDDbLDDl0o261.52 Si64Rp071863r2018-11-01w2018-11-01yBK c88529d88529